Caso si puede un obispo dispensar el impedimento de cognación espiritual para el matrimonio

Detalles Bibliográficos
Otros Autores: Sempronio Labrador
Formato: Libro
Publicado: s.l., s.f.
Materias:
Colección:Banco de datos
Acervo:Biblioteca Palafoxiana. Colección de Manuscritos
Descripción Física:5 f. ; 21 x 30 cm.
Tema general:Civil
LEADER 00425nam a22001450004500
035 |a 1487 
245 1 0 |a Caso si puede un obispo dispensar el impedimento de cognación espiritual para el matrimonio 
260 |a s.l., s.f. 
300 |a 5 f. ; 21 x 30 cm. 
650 1 0 |a Civil 
700 1 |a Sempronio Labrador 
949 |a 32280/242 
942 |c PALAMANU 
943 |g Biblioteca Palafoxiana. Colección de Manuscritos 
999 |c 1069432  |d 1069432